| 000 | 00399nam a2200145 a 4500 | ||
|---|---|---|---|
| 001 | 000047315 | ||
| 005 | 20201002053536.0 | ||
| 008 | 180502s1979 dr ac r 000 0 spa d | ||
| 040 |
_aDO-SdBNP _bspa _cBNPHU |
||
| 082 |
_axxxx _bxxxx |
||
| 245 | 0 | 0 | _aLibro del año 1979. |
| 260 |
_aSanto Domingo : _b[Babeque], _c[1979]. |
||
| 300 |
_a122 P. : _bil., retrs. ; _c28 cm. |
||
| 590 | _aInventariado, 2018/BT | ||
| 999 |
_c46803 _d46803 |
||